[Event "Rohde op 12th"]
[Site "Sautron"]
[Date "2012.11.02"]
[Round "8"]
[White "Oleksienko, Mikhailo"]
[Black "Zubarev, Alexander2"]
[Result "1/2-1/2"]
[WhiteElo "2539"]
[BlackElo "2583"]
[Annotator "RR"]
[PlyCount "50"]
[EventDate "2012.10.27"]
[EventType "swiss"]
[EventRounds "9"]
[EventCountry "FRA"]
[SourceTitle "EXT 2014"]
[Source "ChessBase"]
[SourceDate "2013.11.20"]
[SourceVersion "1"]
[SourceVersionDate "2013.11.20"]
[SourceQuality "1"]
[TimeControl "40/5400+30:1800+30"]
[WhiteClock "1:30:00"]
[BlackClock "1:30:00"]

1. e4 {[%emt 0:00:00]} e5 {[%emt 0:00:00]} 2. Nf3 {[%emt 0:00:00]} Nc6 {
[%emt 0:00:00]} 3. Bb5 {[%emt 0:00:16]} a6 {[%emt 0:00:54]} 4. Ba4 {[%emt 0:01:
30]} Nf6 {[%emt 0:00:21]} 5. O-O {[%emt 0:00:07]} Be7 {[%emt 0:00:55]} 6. Re1 {
[%emt 0:00:07]} b5 {[%emt 0:00:23]} 7. Bb3 {[%emt 0:00:04]} d6 {[%emt 0:00:29]}
8. c3 {[%emt 0:00:32]} O-O {[%emt 0:00:28]} 9. h3 {[%emt 0:00:03]} Nb8 {
[%emt 0:02:59][%cal Gb8d7] La vieille variante Breyer} 10. d4 {[%emt 0:01:11]}
(10. d3) 10... Nbd7 {[%emt 0:00:16]} 11. Nbd2 {[%emt 0:00:07]} (11. c4 c6)
11... Bb7 {[%emt 0:03:41]} 12. Bc2 {[%emt 0:01:29]} Re8 {[%emt 0:01:37]} 13.
Nf1 {[%emt 0:01:01][%cal Gf1e3,Gf1g3]} Bf8 {[%emt 0:00:52][%cal Ge8e4,Gg7g6]}
14. Ng3 {[%emt 0:00:07]} g6 {[%emt 0:00:34]} 15. a4 {[%emt 0:02:29]} (15. b3)
15... c6 {[%emt 0:03:15]} (15... c5 $142 {Plus courant} 16. d5) 16. Be3 {
[%emt 0:10:27] Une ligne secondaire} (16. b4 Nb6 17. dxe5 dxe5 18. Qxd8 Raxd8
19. Bg5 Kg7 20. Nd2 Nxa4 21. Bxa4 bxa4 22. Nc4 c5 23. bxc5 Bxc5 24. Rxa4 Rd3
25. Be3 Bxe3 26. Rxe3 Rd1+ 27. Kh2 h5 28. f3 h4 29. Ne2 Bc6 30. Rb4 Bb5 {
Milos,G (2618)-Mamedyarov,S (2741)/Bursa 2010/CBM 134/0-1 (36)}) 16... c5 $146
{[%emt 0:12:33]} (16... Qc7 17. Qd2 Bg7 18. Bg5 Nf8 19. Bd3 Ne6 20. Be3 Nd7 21.
Bc2 Nb6 22. axb5 Nc4 23. Qe2 axb5 24. Bb3 Nxe3 25. fxe3 Qb6 26. Kh1 Rxa1 27.
Rxa1 exd4 28. exd4 c5 29. d5 Nf8 30. Qf2 Nd7 31. Rf1 {Barendse,T (2206)
-Pavasovic,D (2615)/Wijk aan Zee 2004/CBM 099/0-1 (76)}) 17. d5 {[%emt 0:03:51]
[%csl Rb7]} c4 {[%emt 0:00:48][%cal Gd7c5]} 18. Qd2 {[%emt 0:04:52]} Nc5 $11 {
[%emt 0:07:43]} 19. Ra3 $5 {[%emt 0:04:01][%cal Ge1a1,Ga4b5]} Nfd7 {[%emt 0:04:
58]} 20. Rea1 {[%emt 0:04:33]} Nb6 $1 {[%emt 0:02:41][%cal Gb6a8,Gb6a4]} 21.
axb5 {[%emt 0:02:03] Conduit а des simplifications et la position va
s'applanir.} axb5 {[%emt 0:00:18]} 22. Rxa8 {[%emt 0:00:19]} Nxa8 {[%emt 0:00:
43]} 23. Bh6 {[%emt 0:13:44]} Nb6 {[%emt 0:03:07]} 24. h4 {[%emt 0:07:10]} Nbd7
{[%emt 0:07:12]} 25. h5 {[%emt 0:01:26]} Bxh6 {[%emt 0:00:27]} 1/2-1/2

[Event "Moscow op-A 04th"]
[Site "Moscow"]
[Date "2008.02.04"]
[Round "3"]
[White "Sjugirov, Sanan"]
[Black "Tjurin, Alexander P"]
[Result "1-0"]
[WhiteElo "2491"]
[BlackElo "2337"]
[Annotator "Reeh,O"]
[PlyCount "53"]
[EventDate "2008.02.02"]
[EventType "swiss"]
[EventRounds "9"]
[EventCountry "RUS"]
[SourceTitle "CBM 123"]
[Source "ChessBase"]
[SourceDate "2008.04.02"]
[SourceVersion "1"]
[SourceVersionDate "2008.04.02"]
[SourceQuality "1"]

1. e4 e5 2. Nf3 Nc6 3. Bb5 a6 4. Ba4 Nf6 5. O-O Be7 6. Re1 b5 7. Bb3 d6 8. c3
O-O 9. h3 Nb8 10. d4 Nbd7 11. Nbd2 Bb7 12. Bc2 Re8 13. Nf1 d5 14. exd5 exd4 15.
Nxd4 Nxd5 16. Nf5 {As my co-commentator from ChessBase TV, André Schulz, uses
to say: "If in the Ruy Lopez White gets a knight on f5, he wins." Wie mein
Ko-Moderator von TV ChessBase André Schulz zu sagen pflegt: "Wenn Weiß im
Spanier einen Springer nach f5 bekommt, gewinnt er."} N7f6 17. Bg5 Bf8 18. Qf3
Rxe1 19. Rxe1 Rb8 20. Qg3 g6 {The threat was 21.Nh6+! gxh6 22.Bxf6+. Die
Drohung lautete 21.Nh6+! gxh6 22.Bxf6+.} 21. Nh6+ Kg7 $2 ({Like it or not,
Wohl oder übel musste} 21... Bxh6 22. Bxh6 Qd6 {had to be played, with only a
small plus for White. geschehen, mit nur leichtem Plus für Weiß.}) 22. Qh4 Qd7
23. Ne3 Qc6 {[%tqu "En","All white pieces are aiming at the black king - how
do you continue?","Any attack on the king needs open lines!","","e3f5","",10]}
24. Nef5+ $1 {Ripping open Black's king position. Reißt die schwarze
Königsstellung auf.} gxf5 {[%tqu "En","What now?","White has forced the
opening of which file?","","h4g3","Marvellous!!  The most difficult move of
the attack, a calm retreat: White threatens a lethal discovered check in the
g-file.  Have you seen how White now wins after 25...Nh5 attacking his queen?",
20,"De","Was nun?","Die Öffnung welcher Linie hat Weiß erzwungen?","","h4g3",
"Prachtvoll!!  Der schwierigste Zug des Angriffs, ein stiller Rückzug: Weiß
droht ein tödliches Abzugsschach in der g-Linie.  Haben Sie schon gesehen, wie
Weiß jetzt nach 25...Sh5 gewinnt, wonach ja seine Dame angegriffen ist?",20]}
25. Qg3 $3 {The most difficult move of the attack, a calm retreat: White
threatens a lethal discovered check in the g-file. Der schwierigste Zug des
Angriffs, ein stiller Rückzug: Weiß droht ein tödliches Abzugsschach in der
g-Linie.} Nh5 (25... Kh8 26. Bxf6+ {and mate on f7 or g8. und Matt auf f7 oder
g8.}) {[%tqu "En","60 seconds to find a mate in two!","Beachten Sie die Motive:
Deflection , Discovered attack , Decoy .","","g5f6","Yep!",10,"De","Sie haben
60 Sekunden - Matt in zwei!","","","g5f6","Jawoll!",10]} 26. Bf6+ $1 {Dieses
Doppelschach lässt Schwarz nur die Wahl, auf welchem Feld er mattgesetzt
werden will: 26...Kxh6 27.Qg5++ or} Kxf6 27. Ng8# 1-0

[Event "Moscow Aeroflot op-A"]
[Site "Moscow"]
[Date "2007.02.18"]
[Round "5"]
[White "Khairullin, Ildar"]
[Black "Vijayalakshmi, Subbaraman"]
[Result "1-0"]
[WhiteElo "2586"]
[BlackElo "2459"]
[Annotator "Reeh,O"]
[PlyCount "77"]
[EventDate "2007.02.14"]
[EventType "swiss"]
[EventRounds "9"]
[EventCountry "RUS"]
[SourceTitle "CBM 117"]
[Source "ChessBase"]
[SourceDate "2007.03.30"]
[SourceVersion "1"]
[SourceVersionDate "2007.03.30"]
[SourceQuality "1"]

1. e4 e5 2. Nf3 Nc6 3. Bb5 a6 4. Ba4 Nf6 5. O-O Be7 6. Re1 b5 7. Bb3 d6 8. c3
O-O 9. h3 Nb8 10. d4 Nbd7 11. Nbd2 Bb7 12. Bc2 Re8 13. Nf1 Bf8 14. Ng3 g6 15.
a4 Bg7 16. Bd3 c6 17. Bg5 Nf8 18. Qd2 Ne6 19. Be3 Qc7 20. Bf1 Rad8 21. Bh6 exd4
$6 {The start of a faulty plan. Die Einleitung zu einem fehlerhaften Plan.} 22.
cxd4 d5 23. Bxg7 Kxg7 24. e5 Ne4 25. Qc2 $1 ({Black was probably hoping for
Schwarz hoffte wahrscheinlich auf} 25. Nxe4 $2 dxe4 26. Rxe4 c5 27. Rh4 h5 $1 {
with good counterplay. mit gutem Gegenspiel.}) 25... Nxg3 26. fxg3 {Now Black
is left with dark-squared weaknesses all over the board. Nun hat der
Nachziehende auf dem ganzen Brett Schwächen auf den dunklen Feldern.} b4 {
Otherwise 27.b2-b4. Sonst folgt 27.b2-b4.} 27. Rac1 Qe7 28. Qd2 a5 29. Nh2 f6
30. exf6+ Qxf6 31. Re5 Nc7 (31... Nxd4 {would fail to würde scheitern an} 32.
Rxe8 Rxe8 33. Ng4 $1 {and Black loses. und Schwarz verliert.}) ({yet doch} 
31... Rd6 {(preparing Bb7-c8) was more stubborn. (zur Vorbereitung von Lb7-c8)
war hartnäckiger.}) 32. Ng4 $1 Qd6 33. Bd3 Bc8 34. Qh6+ Kg8 ({No better would
be Nicht besser wäre} 34... Kh8 35. Rxe8+ Rxe8 36. Ne5) 35. Rh5 $1 Re7 (35...
gxh5 36. Qxh7+ Kf8 37. Rf1+ {and mate. und Matt.}) {[%tqu "En","The white
pieces are firing at the black king. Time to strike!","Rip open Black's king
position.","","d3g6","Boom!  Now Black is helpless since the attempt 36...Qxg6
fails to 37.Rg5 winning the queen.",10,"De","Die weißen Figuren feuern auf den
schwarzen König. Schlagen Sie zu!","Reißen Sie die schwarze Königsstellung auf.
","","d3g6","Bumm!  Nun ist Schwarz hilflos, denn der Versuch 36...Dxg6
scheitert an 37.Tg5 mit Damengewinn.",10]} 36. Bxg6 $1 {Ripping open Black's
pawn shield! Reißt den schwarzen Bauernschild auf!} Kh8 (36... hxg6 {(36...
Qxg6 37.Rg5)} {leads to mate after führt zum Matt nach} 37. Qh8+ Kf7 38. Rh7+
Ke6 39. Qf6+ Kd7 40. Rxe7+ (40. Ne5+) 40... Qxe7 41. Qxc6#) ({and und} 36...
Bxg4 {loses to verliert wegen} 37. Bxh7+ Kf7 38. Rf1+ Ke8 39. Rf8+ Kd7 40.
Rxd8+ Kxd8 41. Qxd6+) {[%tqu "En","Crown the white attack!","It's mate in
six!","","h6h7","Yes - the queen sacrifice does it!",10,"De","Krönen Sie den
weißen Angriff!","Es ist Matt in sechs!","","h6h7","Ja - das Damenopfer
schafft's!",10]} 37. Qxh7+ $1 {Giving checkmate without the queen is always a
special pleasure! Ohne Dame mattzusetzen ist immer ein besonderes Vergnügen!}
Rxh7 38. Rxh7+ Kg8 39. Nh6+ (39. Nh6+ Kf8 40. Rf1+ $18) 1-0

[Event "Bazna Kings 5th"]
[Site "Medias"]
[Date "2011.06.17"]
[Round "6"]
[White "Nakamura, Hikaru"]
[Black "Carlsen, Magnus"]
[Result "1/2-1/2"]
[WhiteElo "2774"]
[BlackElo "2815"]
[Annotator "Rogozenco,D"]
[PlyCount "67"]
[EventDate "2011.06.11"]
[EventType "tourn"]
[EventRounds "10"]
[EventCountry "ROU"]
[EventCategory "21"]
[SourceTitle "CBM 143"]
[Source "ChessBase"]
[SourceDate "2011.07.15"]
[SourceVersion "1"]
[SourceVersionDate "2011.07.15"]
[SourceQuality "1"]

1. e4 e5 2. Nf3 Nc6 3. Bb5 a6 4. Ba4 Nf6 5. O-O Be7 6. Re1 b5 7. Bb3 O-O 8. c3
d6 9. h3 Nb8 {The knight goes to d7 freeing the path for the c-pawn.} 10. d4
Nbd7 {With plenty of strategical ideas for both sides the Breyer Variation of
the Ruy Lopez is a classical opening line, which Magnus Carlsen had played
many times before.} 11. c4 {Nakamura certainly relied on the surprise factor
of this move.} ({In the vast majority of games White plays here} 11. Nbd2)
11... c6 12. Nc3 {"I was very happy when I saw this move, as now I can
conveniently close the position", said Carlsen after the game.} (12. a3 {
would have kept somewhat more tension in the position.}) 12... b4 13. Na4 c5
14. d5 {In this close position the main battlefield is going to be the
kingside.} Re8 $5 {[%csl Ra4,Rf4][%cal Gd7f8,Gf8g6] A somewhat unexpected move
in such positions. Usually in this structure Black is trying to prepare ...
f7-f5 and therefore he needs the rook on f8 for that. However, Carlsen had
another plan in mind - he wanted to transfer the knight to g6.} 15. Bc2 Nf8 16.
a3 a5 17. b3 {The knight from a4 is coming to d3.} Ng6 18. Nb2 Bd7 {[%cal
Gb2d3,Gf3h2,Yh2g4,Yh2f1]} 19. Nh2 {Now Nakamura improves the position of the
other knight.} h6 {And Carlsen is doing the same - the knight from f6 needs a
square in order to prepare the favourable (for Black) exchange of the
dark-squared bishops via g5.} 20. Nf1 Nh7 21. Ne3 Bg5 22. axb4 axb4 23. Rxa8
Qxa8 24. Nf5 Bxc1 25. Qxc1 Bxf5 {Continuing to exchanges pieces. Black wasn't
obliged to hurry and could keep a comfortable position with 25...Qa6 - a move
which Magnus, as he admitted, would have normally played, had he not been
feeling tired.} 26. exf5 Ngf8 {Already around here Carlsen saw the possible
repetition of moves and he just went for it without second thought.} 27. Nd1
Nf6 28. f3 Qa2 29. g4 Ra8 30. Nf2 Qa3 {White cannot really avoid the
repetition. At this moment both sides must have been happy with the outcome.}
31. Qb1 (31. Qd2 {allows Black to improve with} Qb2) ({while the only
reasonable attempt} 31. h4 {can bring White nothing but troubles in the
resulting endgame mentioned by Carlsen:} Qxc1 32. Rxc1 g5 33. fxg6 Nxg6 34.
Bxg6 fxg6 35. g5 hxg5 36. hxg5 Nh5 37. Ne4 Ra6 {and with his rook on the open
file only Black can play for a win.}) 31... Qa2 32. Qc1 Qa3 33. Qb1 Qa2 34. Qc1
1/2-1/2

[Event "World Cup"]
[Site "Khanty-Mansiysk"]
[Date "2007.12.13"]
[Round "7.1"]
[White "Shirov, Alexei"]
[Black "Kamsky, Gata"]
[Result "1/2-1/2"]
[WhiteElo "2739"]
[BlackElo "2714"]
[Annotator "Rogozenco,D"]
[PlyCount "83"]
[EventDate "2007.11.24"]
[EventType "k.o."]
[EventRounds "7"]
[EventCountry "RUS"]
[SourceTitle "CBM 122"]
[Source "ChessBase"]
[SourceDate "2008.01.30"]
[SourceVersion "1"]
[SourceVersionDate "2008.01.30"]
[SourceQuality "1"]

{Before this first game of the World Cup's final match Shirov and Kamsky met
many times in the past and the overall score was clearly in Shirov's favour.
The match in Khanty-Masiysk was different though: Kamsky proved to be
invincible. The present game is typical for the entire match: Shirov creates
some initiative, but in spite of his efforts to achieve any real advantage,
Kamsky's cool and precise defense finally triumphes.} 1. e4 e5 2. Nf3 Nc6 3.
Bb5 a6 4. Ba4 Nf6 5. O-O Be7 6. Re1 b5 7. Bb3 d6 8. c3 O-O 9. h3 Nb8 {The
so-called Breyer Variation of the Ruy Lopez. Black brings the knight to d7,
where it won't disturb his own pieces and pawns in the fight for the center.
Shirov has a large experience with it, while Kamsky played it only once with
each colour. On the Black side Kamsky used for the first time the Breyer
Variation few days before, in his game versus Svidler.} 10. d4 Nbd7 11. Nbd2
Bb7 12. Bc2 Re8 13. Nf1 Bf8 14. Ng3 g6 15. b3 ({The main} 15. a4 {didn't bring
Shirov much in the past:} c5 16. d5 c4 17. Bg5 h6 18. Be3 Nc5 19. Qd2 h5 20.
Bg5 (20. Ra3 Nfd7 21. Rea1 Bg7 22. Bg5 Bf6 23. Bh6 Qe7 24. Qc1 Nb6 25. axb5
axb5 26. Ra5 Qd7 $11 {Shirov,A (2715)-Kramnik,V (2809)/Monte Carlo (rapid) 2002
}) 20... Be7 21. Ra3 Rb8 22. axb5 axb5 23. Rea1 Qc7 24. Qe3 Ra8 25. Bh6 Nh7 26.
Nh2 Rxa3 27. Rxa3 h4 28. Ne2 Ra8 29. Rxa8+ Bxa8 {Shirov,A (2710)-Van der
Sterren,P (2555)/Wijk aan Zee 1998}) 15... a5 {This is Kamsky's novelty
introduced in his 4th round game versus Svidler, where White achieved some
pressure. Shirov is ready to repeat Svidler's play. The usual move is 15...Bg7,
another critical continuation is 15...d5.} ({Shirov himself experienced
troubles with black after} 15... c6 16. Bg5 Bg7 17. Qd2 Qc7 18. a4 d5 19. dxe5
Nxe5 20. Nxe5 Qxe5 21. Bf4 Qe6 22. e5 Nd7 23. Bh6 Bh8 24. f4 {Carlsen,M (2581)
-Shirov,A (2726)/Drammen 2005}) 16. a4 b4 (16... bxa4 17. Rxa4 $14) 17. cxb4
axb4 {In his home preparation Kamsky deeply evaluated the position and came to
the conclusion that in spite of White's protected passed pawn, Black has
sufficient counterplay in the center. It is important for Black that he will
soon be able to use square c5 for his pieces.} 18. Bb2 (18. d5 c6 19. dxc6 Bxc6
$11) 18... Bh6 19. dxe5 dxe5 (19... Nxe5 20. Nxe5 (20. Nd4 $5) 20... dxe5 21.
Bd3 Bf4 22. Bb5 c6 23. Bc4 $14) 20. Bd3 Nc5 $146 {The knight on c5 is very
active, while the task to protect pawn e5 is left for the other knight.} ({
In the mentioned game versus Svidler Kamsky didn't fully equalized:} 20... Bf4
21. Qc2 Ra5 22. Rad1 Rc5 23. Qe2 Qe7 24. Nf1 Nb6 25. g3 Bh6 26. Bc1 Bxc1 27.
Rxc1 $14 {1/2-1/2 Svidler-Kamsky, Khany-Maniysk 2007 (60).}) 21. Bb5 {
Provoking the advance of the c-pawn is the only attempt to fight for advantage.
} (21. Bc2 $6 Bf4 $36) (21. Bc4 Qxd1 22. Raxd1 Nfd7 $11) 21... Qxd1 22. Raxd1
c6 23. Bc4 Nfd7 {At the first sight White seems to have an advantage thanks to
his slightly superior pawn structure and the passivity of bishop b7. But a
closer look reveals that these factors are rather questionable: the bishop b7
will enter the game via a6, while the pawn formation is quite acceptable for
Black: the weakness of pawn b3 secures Black sufficient resources for
counterplay.} 24. Re2 {Transferring the rook to the c-file looks like the most
logical plan.} (24. Bc1 Bf4 $5) 24... Bf4 25. Rc2 Re7 26. Ne2 Bh6 27. Ng3 Bf4 {
A silent draw offer by repeating the moves.} 28. Bc1 {Although the position is
practically equal, it is Black who needs accuracy in order to keep the balance.
Therefore Shirov decides to continue the game, in spite of having less time on
the clock.} (28. Ne2 Bh6 $11) 28... Ba6 $1 (28... Bxg3 {is answered with} 29.
Bg5 $1 ({Not} 29. fxg3 Nxe4) 29... Ree8 ({Worse is} 29... Bxf2+ 30. Rxf2 Ree8
31. Nh2 Rf8 32. Ng4 {and Black is in troubles} (32. Bh6 Nb6 33. Bxf8 Rxf8 34.
Rc2 Nxe4 35. a5 $16)) 30. fxg3 Kg7 31. Be3 $16) 29. Bxf4 exf4 30. Ne2 Bxc4 {
The most accurate: Kamsky exchanges the queenside pawns.} (30... Nxe4 31. Bxa6
Rxa6 32. Rc4 c5 33. Nxf4 $11 {/+/=}) 31. Rxc4 Nxb3 32. Rxb4 Nbc5 {Black
simplified the position and easily achieves the draw. White's small initiative
is insignificant.} 33. Nc3 Ree8 34. Rd6 Re6 35. Rbd4 Rxd6 36. Rxd6 Ra6 $11 37.
e5 Rb6 38. Rd1 Rb3 39. Ne2 Ra3 40. Ned4 Rxa4 41. Nxc6 Nf8 42. Ne7+ 1/2-1/2

[Event "Bazna Kings 5th"]
[Site "Medias"]
[Date "2011.06.20"]
[Round "9"]
[White "Nisipeanu, Liviu Dieter"]
[Black "Carlsen, Magnus"]
[Result "1/2-1/2"]
[WhiteElo "2659"]
[BlackElo "2815"]
[Annotator "Rogozenco,D"]
[PlyCount "63"]
[EventDate "2011.06.11"]
[EventType "tourn"]
[EventRounds "10"]
[EventCountry "ROU"]
[EventCategory "21"]
[SourceTitle "CBM 143"]
[Source "ChessBase"]
[SourceDate "2011.07.15"]
[SourceVersion "1"]
[SourceVersionDate "2011.07.15"]
[SourceQuality "1"]

1. e4 e5 2. Nf3 Nc6 3. Bb5 a6 4. Ba4 Nf6 5. O-O Be7 6. Re1 b5 7. Bb3 d6 8. c3
O-O 9. h3 Nb8 10. d4 Nbd7 11. Nbd2 {In the 6th round Nakamura played 11.c4
here against Carlsen. Nisipeanu chooses the main move.} Bb7 12. Bc2 Re8 13. a4
Bf8 14. Bd3 c6 15. b3 g6 16. Bb2 (16. Ba3 $5) 16... exd4 {A rare continuation,
which was quite unexpected for Nisipeanu.} ({Instead, one of the main moves is
} 16... Nh5 {Here is a game played by Viorel Iordachescu, who was Nisipeanu's
second at the Kings' Tournament:} 17. Qc2 Nf4 18. Bf1 Bg7 19. Rad1 Qb6 20. b4
d5 {with complications that led later to a draw in Iordachescu, V (2640)
-Avrukh,B (2601)/Mulhouse 2011.}) 17. cxd4 d5 18. Ne5 {This new move is the
result of 20 minutes of thought.} ({In the previous games White always
advanced the e-pawn:} 18. e5 Nh5 {"with a normal position for Black" (Carlsen)}
) 18... Bb4 {Still played a tempo by Carlsen.} (18... Nxe5 19. dxe5 {looks
risky for Black, even if the consequences of} dxe4 {are not entirely clear.})
19. Nxd7 Qxd7 20. e5 Nh5 {[%csl Rc5,Rf4] White has several attractive ideas.
He would be happy to exchange the dark-squared bishops in order to exploit the
weak square c5, but that is not easy to achieve.} 21. Bf1 ({The main
alternatives were} 21. Ba3 Bc3 (21... Nf4 $5) 22. Rc1 ({The exchange sacrifice
is probably not enough:} 22. Bc5 Bxa1 23. Qxa1 Nf4 24. Bf1 Ne6 25. Bd6 a5 {
with the idea Ba6}) 22... Bxd4 23. Nf3 Bb6 24. Qd2 {with positional
compensation for the sacrificed pawn.}) (21. Qc2 Nf4 22. Bc3 c5 $5) 21... Nf4
22. Re3 c5 {Magnus Carlsen felt that Black should quickly start counterplay in
the centre in order to prevent White's plan with Nf3-h2-g4.} ({In the event of
} 22... Ne6 23. Nf3 c5 {White can ignore Black's intentions and continue} 24.
Nh2 {and if} h5 {then} ({Better is probably} 24... c4 25. Ng4 Be7) 25. Rg3 {
with good attacking prospects.}) 23. dxc5 (23. Nf3 {is already too slow:} c4
24. Nh2 h5 25. Rg3 Rac8 {with sufficient counterplay for Black.}) 23... d4 (
23... Bxc5 $2 24. Ne4 Be7 25. Nd6 Bxd6 26. exd6 {looks terrible for Black due
to the "monster-bishop" on b2.}) 24. Ne4 {The most natural move.} (24. Nf3 Bxc5
) (24. Re4 {doesn't work:} Bxd2 $1 25. Rxd4 Nxh3+ 26. gxh3 Qc6 {and Black wins.
}) 24... Bxe4 25. Rxe4 Ne6 26. Rxd4 {A good practical decision from Nisipeanu,
since he saw no way to set any real problems for Black. After the exchange sac
White is out of risk and the draw becomes the most likely result.} ({After} 26.
Bxd4 Rad8 27. Be3 Qxd1 28. Rxd1 Rxd1 29. Rxb4 Nc7 {only White can be worse.}) (
26. axb5 {brings White nothing either:} axb5 27. Rxa8 (27. Qd3 Rxa1 28. Bxa1
Rd8 29. Qxb5 Qxb5 30. Bxb5 d3 31. Bxd3 Rxd3 32. Rxb4 Rd1+ 33. Kh2 Rxa1 34. Rb8+
Kg7 35. b4 Re1 {is again risky rather for White}) 27... Rxa8 28. Qd3 Bxc5 29.
Qxb5 Qxb5 30. Bxb5 Ra2 {with counterplay}) 26... Nxd4 27. Qxd4 Qxd4 28. Bxd4
Rad8 29. Be3 Rxe5 30. axb5 axb5 31. Rc1 {[%csl Gc5]} Rxe3 {Forcing the draw.} (
31... Rc8 32. c6 Kf8 33. g3 {is also about equal: the strong extra pawn on c6
together with the bishop pair secure White good compensation for the exchange.}
) 32. fxe3 ({After} 32. fxe3 Bd2 33. Rc2 Bxe3+ 34. Kh2 Rd5 {the draw becomes
obvious.}) 1/2-1/2